000 00825nam a22002177a 4500
008 130821s1986 xxua gr eng
020 _a006254490X
040 _aCo-BoUCM
_bspa
041 0 0 _aeng
100 1 _aKlauser, Henriette Anne.
_9171001
245 1 0 _aWriting on both sides of the brain breakthrough techniques for people who write
_cHenriette Anne Klauser.
260 _aSan Francisco (California, Estados Unidos)
_bPerennial Library
_cc1986
300 _axiv, 143 páginas
_bilustraciones
504 _aBibliografía
650 0 4 _aAutoría
_99828
650 0 4 _aAutoría
_xAspectos psicológicos
_99828
650 0 4 _aLiteratura
_918599
856 4 2 _3Publicador
_uhttp://www.loc.gov/catdir/description/hc043/86045383.html
942 _cLIBRO
_a18
_e1
_mK636w
_2DEWEY
_h808.02
999 _c88046
_d88046